[Event "PRO League Central 2017"]
[Site "masterchessopen.com chess.com INT"]
[Date "2017.02.01"]
[Round "4"]
[White "Degraeve,JM"]
[Black "Balogun,Oluwafemi"]
[Result "1-0"]
[WhiteElo "2591"]
[BlackElo "2222"]

1. e4 d6 2. d4 Nf6 3. Nc3 g6 4. Be3 a6 5. a4 Bg7 6. Qd2 O-O 7. h3 Nc6 8. Nf3
e5 9. dxe5 dxe5 10. Qxd8 Rxd8 11. Bc4 h6 12. Nd2 Nd4 13. O-O-O c6 14. a5 Nd7
15. Nb3 Nf8 16. Bxd4 exd4 17. Ne2 Ne6 18. Bxe6 Bxe6 19. Nbxd4 Bd7 20. Nb3 Bf8
21. Rd2 Be6 22. Ned4 Bc4 23. Rhd1 Bb4 24. c3 Be7 25. Kc2 Bg5 26. Nc5 Bxd2 27.
Rxd2 Rab8 28. b3 Be6 29. f4 Bc8 30. g4 h5 31. f5 hxg4 32. hxg4 gxf5 33. gxf5
Rd6 34. b4 b6 35. axb6 Rxb6 36. e5 Rd5 37. e6 fxe6 38. fxe6 Re5 39. Nd7 c5 40.
Nxb6 cxd4 41. Nxc8 {#r} 1-0

[Event "PRO League Central 2017"]
[Site "masterchessopen.com chess.com INT"]
[Date "2017.02.01"]
[Round "4"]
[White "Jones,G"]
[Black "Hjartarson,J"]
[Result "1-0"]
[WhiteElo "2665"]
[BlackElo "2540"]

1. e4 g6 2. d4 Bg7 3. Nc3 d6 4. Be3 a6 5. h4 Nf6 6. f3 b5 7. Qd2 h5 8. O-O-O
c6 9. Nh3 Bxh3 10. Rxh3 Nbd7 11. Kb1 Qc7 12. Be2 Rb8 13. Bg5 Nb6 14. e5 Nfd5
15. f4 Nc4 16. Bxc4 bxc4 17. Nxd5 cxd5 18. exd6 Qxd6 19. f5 Qb6 20. c3 gxf5
21. Re1 e6 22. Re2 Rb7 23. Rg3 Kd7 24. Qd1 Kc8 25. Ka1 Bf8 26. Bf6 Bd6 27. Rg5
Rh6 28. Rg8+ Kd7 29. Bd8 Qb5 30. Bg5 Rg6 31. Rh8 f4 32. Rxh5 Kc6 33. Rh8 f6
34. Qc2 Rbg7 35. Rxe6 fxg5 36. Rxg6 Re7 37. Qb1 gxh4 38. Rd8 {#r} 1-0

[Event "Dutch League 2016-17"]
[Site "masterchessopen.com Netherlands NED"]
[Date "2017.02.04"]
[Round "6.9"]
[White "Kleijn,C"]
[Black "Schoorl,R"]
[Result "1-0"]
[WhiteElo "2435"]
[BlackElo "2315"]

1. e4 g6 2. d4 Bg7 3. Nc3 d6 4. Be3 a6 5. Qd2 Nd7 6. h4 h5 7. Nh3 Ngf6 8. f3
e6 9. Ng5 Qe7 10. O-O-O b5 11. e5 Ng8 12. g4 dxe5 13. d5 Nb6 14. d6 cxd6 15.
Bxb6 d5 16. Nxd5 exd5 17. Qxd5 Bb7 18. Bxb5+ Kf8 19. Bc6 Nf6 20. Qc4 Kg8 21.
Bc5 Qc7 22. Bd6 {#r} 1-0

[Event "Dutch League 2016-17"]
[Site "masterchessopen.com Netherlands NED"]
[Date "2017.02.04"]
[Round "6.10"]
[White "Nguyen,Kevin"]
[Black "Pel,B"]
[Result "1-0"]
[WhiteElo "2193"]
[BlackElo "2287"]

1. e4 d6 2. d4 g6 3. Nc3 Bg7 4. Be3 a6 5. Qd2 Nd7 6. h4 h6 7. O-O-O b5 8. Kb1
Bb7 9. f3 Rc8 10. Nh3 c5 11. h5 g5 12. Nf2 b4 13. Ne2 Qc7 14. dxc5 dxc5 15. f4
gxf4 16. Nxf4 Ngf6 17. Bc4 Ne5 18. Bb3 Nxe4 19. Nxe4 Bxe4 20. Rhe1 O-O 21.
Bxc5 Bf5 22. Bd4 Nc4 23. Qf2 Bxd4 24. Rxd4 Nb6 25. Rxb4 Rb8 26. Ng6 Bxg6 27.
hxg6 Qd6 28. gxf7+ Kh8 29. Rh4 Nd7 30. Reh1 Rb6 31. Qe3 Kg7 32. Rg4+ Kh7 33.
Qe4+ Kh8 34. Rg8+ {#r} 1-0

[Event "ch-MDA 2017"]
[Site "masterchessopen.com Chisinau MDA"]
[Date "2017.02.03"]
[Round "7.1"]
[White "Morozov,N"]
[Black "Sanduleac,V"]
[Result "1-0"]
[WhiteElo "2406"]
[BlackElo "2411"]

1. d4 d6 2. e4 g6 3. Nf3 Bg7 4. Nc3 Nf6 5. Be2 O-O 6. O-O c6 7. h3 d5 8. e5
Ne8 9. Bf4 f6 10. exf6 exf6 11. Na4 Nd6 12. Re1 Re8 13. b3 Ne4 14. c4 Be6 15.
Rc1 Nd7 16. Nc3 Nxc3 17. Rxc3 Bf7 18. Bf1 Qa5 19. Rce3 Rxe3 20. Rxe3 dxc4 21.
bxc4 Qxa2 22. Re7 Nf8 23. Qc1 Qb3 24. Bd6 Re8 25. Nd2 Qb6 26. Bc5 Qa6 27. Ne4
Ne6 28. Rxf7 Kxf7 29. Nd6+ Kf8 30. Qe3 {#r} 1-0

[Event "Turkish Cup 2017"]
[Site "masterchessopen.com Antalya TUR"]
[Date "2017.02.02"]
[Round "8.16"]
[White "Aydin,Hasan Bora"]
[Black "Arat,Uf"]
[Result "0-1"]
[WhiteElo "2029"]
[BlackElo "2392"]

1. e4 g6 2. d4 d6 3. Nc3 Bg7 4. f4 Nf6 5. Nf3 O-O 6. e5 Nfd7 7. h4 c5 8. h5
cxd4 9. hxg6 dxc3 10. gxf7+ Rxf7 11. Bc4 e6 12. Ng5 Nf8 13. Nxf7 Kxf7 14. f5
Qa5 15. fxe6+ Ke8 16. Qh5+ Ng6 17. Qxh7 Qxe5+ 18. Kd1 Nf8 19. Qg8 Qd4+ 20. Ke1
Qe5+ 21. Kd1 Nc6 22. Rf1 Qd4+ 23. Ke1 Qh4+ 24. Kd1 Qg4+ 25. Rf3 Nd8 26. Ke1
Bxe6 27. Bxe6 Qxe6+ 28. Qxe6+ Ndxe6 29. bxc3 Nd7 30. Ba3 Ke7 31. Rd1 Be5 32.
Re3 Nec5 33. Rd5 b6 34. c4 Rg8 {#R} 0-1

[Event "Gibraltar Masters 2017"]
[Site "masterchessopen.com Caleta ENG"]
[Date "2017.01.31"]
[Round "8.44"]
[White "Kulkarni,R"]
[Black "Batsiashvili,N"]
[Result "0-1"]
[WhiteElo "2344"]
[BlackElo "2492"]

1. e4 c6 2. c4 d5 3. exd5 cxd5 4. cxd5 Nf6 5. Qa4+ Nbd7 6. Nc3 a6 7. Nf3 g6 8.
Bc4 Bg7 9. d3 O-O 10. Qa3 Ng4 11. h3 Nge5 12. Nxe5 Nxe5 13. Bg5 Re8 14. O-O-O
Rb8 15. Qc5 b5 16. Bb3 Bf5 17. Qe3 Rc8 18. d4 Nc4 19. Bxc4 Rxc4 20. g4 b4 21.
gxf5 bxc3 22. b3 Rc8 23. fxg6 hxg6 24. Kc2 Qa5 25. Ra1 Qxd5 26. Rhd1 Qf5+ 27.
Rd3 Bxd4 28. Qxd4 Red8 29. Qe3 Rxd3 30. Qxd3 Qxf2+ 31. Kb1 Qb2# 0-1

[Event "Gibraltar Masters 2017"]
[Site "masterchessopen.com Caleta ENG"]
[Date "2017.01.31"]
[Round "8.52"]
[White "Burrows,M"]
[Black "Khotenashvili,B"]
[Result "0-1"]
[WhiteElo "2124"]
[BlackElo "2430"]

1. e4 c6 2. c4 d5 3. cxd5 cxd5 4. exd5 Nf6 5. Qa4+ Nbd7 6. Nc3 g6 7. Nf3 Bg7
8. Bc4 O-O 9. d3 a6 10. Qa3 Ng4 11. O-O Nde5 12. Nxe5 Bxe5 13. h3 Bd6 14. Qa4
Nh2 15. Bh6 Nxf1 16. Bxf8 Kxf8 17. Kxf1 Bf5 18. Qd1 b5 19. Bb3 Be5 20. Qe2 Bd4
21. Ne4 Ra7 22. Rc1 a5 23. a3 a4 24. Ba2 Rc7 25. Qd2 Qc8 26. Rxc7 Qxc7 27. Nc3
Bd7 28. Ne2 Bf6 29. Kg1 Qe5 30. Nc3 Kg7 31. Qe3 h5 32. Qxe5 Bxe5 33. Kf1 h4
34. Ke2 Bd4 35. f3 Kf6 36. Ne4+ Ke5 37. b3 f5 38. Nd2 axb3 39. Bxb3 Bc5 40.
Nb1 Kd4 41. f4 Bd6 42. Kf3 Kxd3 43. Bd1 Be8 44. Bb3 Kd4 {#R} 0-1

[Event "Portugal Open 2017"]
[Site "masterchessopen.com Lisbon POR"]
[Date "2017.02.04"]
[Round "2.10"]
[White "Sousa,H"]
[Black "Burmakin,V"]
[Result "0-1"]
[WhiteElo "2165"]
[BlackElo "2527"]

1. e4 c6 2. Nc3 d5 3. Nf3 g6 4. exd5 cxd5 5. d4 Nf6 6. Bf4 Bg7 7. Qd2 O-O 8.
Bh6 Nc6 9. Bxg7 Kxg7 10. O-O-O Bg4 11. Be2 Rc8 12. Ne5 Bxe2 13. Qxe2 Qb6 14.
Rhe1 Nb4 15. a3 Rxc3 16. axb4 Rc7 17. f3 Qxb4 18. Qe3 Qa4 19. c3 Rfc8 20. Re2
b5 21. Kd2 b4 22. Rc1 Qb3 23. Rc2 a5 24. Qd3 a4 25. Re1 a3 26. bxa3 Rxc3 27.
Rxc3 Rxc3 28. Qb1 Qxa3 29. Nd3 e6 30. Ke2 Rc4 31. Ke3 Ne8 32. Qb2 Nd6 33. Qxa3
Nf5+ 34. Kd2 bxa3 35. Ra1 Ra4 {#R} 0-1

[Event "PRO League Central 2017"]
[Site "masterchessopen.com chess.com INT"]
[Date "2017.02.01"]
[Round "4"]
[White "Adu,O"]
[Black "Agrest,E"]
[Result "1-0"]
[WhiteElo "2288"]
[BlackElo "2593"]

1. e4 c6 2. d3 d5 3. Nd2 g6 4. Ngf3 Bg7 5. g3 e5 6. Bg2 Ne7 7. O-O O-O 8. Re1
Qc7 9. b3 d4 10. a4 b5 11. Ba3 Re8 12. h3 a6 13. Nh4 c5 14. Bb2 Bb7 15. Rf1
Nd7 16. f4 exf4 17. gxf4 Nc6 18. e5 Nb4 19. Ne4 Red8 20. Rf2 Nf8 21. Ba3 bxa4
22. Bxb4 cxb4 23. Rxa4 a5 24. Nd6 Bxg2 25. Rxg2 Qc6 26. Nc4 Ne6 27. Qg4 Qc7
28. Ra1 Nc5 29. Nf5 Bf8 30. Nfd6 a4 31. bxa4 b3 32. Qe2 b2 33. Nxb2 Bxd6 34.
exd6 Qxd6 35. f5 Re8 36. Qf3 Rab8 37. Nc4 Qd7 38. a5 Na6 39. Rf1 Rf8 40. Nb6
Qd6 41. Nc4 Qc5 42. Qf4 Nb4 43. Qh6 Kh8 44. Rf4 Nd5 45. f6 Rb1+ 46. Kh2 Rg8
47. Qxh7+ {#r} 1-0

[Event "PRO League Central 2017"]
[Site "masterchessopen.com chess.com INT"]
[Date "2017.02.01"]
[Round "4"]
[White "Beerdsen,Thomas"]
[Black "O'Donnell,Conor"]
[Result "1-0"]
[WhiteElo "2413"]
[BlackElo "2342"]

1. e4 c6 2. Nf3 d5 3. Nc3 Nf6 4. e5 Ne4 5. d3 Nxc3 6. bxc3 c5 7. g3 Nc6 8. Bg2
Bg4 9. h3 Bh5 10. e6 fxe6 11. g4 Bg6 12. Bf4 Qa5 13. O-O Qxc3 14. Re1 O-O-O
15. Rxe6 Bf7 16. Rxc6+ bxc6 17. Rb1 Qf6 18. Rb8+ Kd7 19. Qb1 Qxf4 20. Qb7+ Ke6
21. Rxd8 Kf6 22. h4 Qxg4 23. Qb8 e6 24. Rxf8 Rxf8 25. Qxf8 Qf4 26. Ng5 Kg6 27.
Nxf7 Qxf7 28. Qxc5 {#r} 1-0

[Event "PRO League Eastern 2017"]
[Site "masterchessopen.com chess.com INT"]
[Date "2017.02.01"]
[Round "4"]
[White "Colovic,A"]
[Black "Abhishek,K"]
[Result "1-0"]
[WhiteElo "2443"]
[BlackElo "2381"]

1. e4 c6 2. d3 d5 3. Nd2 g6 4. Ngf3 Bg7 5. g3 e5 6. Bg2 Ne7 7. O-O O-O 8. b4
f5 9. Bb2 Nd7 10. Re1 fxe4 11. dxe4 d4 12. c3 c5 13. bxc5 Nxc5 14. cxd4 exd4
15. Nb3 Nxb3 16. Qxb3+ Kh8 17. Nxd4 Bxd4 18. Rad1 Nc6 19. Bxd4+ Nxd4 20. Qb2
Be6 21. Rxd4 Qf6 22. e5 Qf7 23. Rf4 Qe7 24. Qxb7 Qxb7 25. Rxf8+ Rxf8 26. Bxb7
Rb8 27. Bf3 Bxa2 28. e6 Kg7 29. Bc6 {#r} 1-0

[Event "PRO League Pacific 2017"]
[Site "masterchessopen.com chess.com INT"]
[Date "2017.02.01"]
[Round "4"]
[White "Liou,Y"]
[Black "Margvelashvili,G"]
[Result "0-1"]
[WhiteElo "2414"]
[BlackElo "2530"]

1. e4 c6 2. Nc3 d5 3. Nf3 a6 4. d4 Bg4 5. h3 Bxf3 6. Qxf3 e6 7. Bd3 Nf6 8.
exd5 cxd5 9. Ne2 Nc6 10. c3 g6 11. Bg5 Bg7 12. O-O h6 13. Bd2 O-O 14. Ng3 e5
15. dxe5 Nxe5 16. Qe2 Re8 17. Be3 Qa5 18. Rfd1 Rad8 19. Qc2 Nc6 20. Bf1 Qc7
21. Ne2 Ne4 22. Nd4 Ne5 23. Nb3 Nc4 24. Bd4 Be5 25. Bxe5 Qxe5 26. Nd4 Rd6 27.
Nf3 Qf6 28. Rd4 Ne5 29. Nxe5 Rxe5 30. Rad1 b5 31. a4 Rf5 32. f3 Nc5 33. axb5
axb5 34. Bxb5 Ne6 35. Rb4 Nf4 36. Bf1 Rg5 37. Kh1 Nxh3 38. gxh3 Qxf3+ 39. Bg2
Rxg2 40. Qxg2 Qxd1+ 41. Qg1 Qf3+ 42. Qg2 Qe3 43. Rd4 Rf6 {#R} 0-1

[Event "TCh-HUN 2016-17"]
[Site "masterchessopen.com Hungary HUN"]
[Date "2017.01.29"]
[Round "5.3"]
[White "Jovanovic,Zo CRO"]
[Black "Sipos,I"]
[Result "1-0"]
[WhiteElo "2526"]
[BlackElo "2471"]

1. e4 c6 2. Nc3 d5 3. Nf3 dxe4 4. Nxe4 Nf6 5. Qe2 Nxe4 6. Qxe4 Qd5 7. Qh4 Qe6+
8. Be2 Qg4 9. Qg3 Qxg3 10. hxg3 Bf5 11. c3 Nd7 12. d4 h6 13. Bf4 e6 14. Nd2
Nb6 15. g4 Bh7 16. a4 Be7 17. Nc4 Nxc4 18. Bxc4 O-O-O 19. Be5 Rhg8 20. f3 Bg6
21. Kf2 Bd6 22. Rae1 Kc7 23. f4 b6 24. Bxd6+ Rxd6 25. Re5 Bc2 26. b3 Rb8 27.
Rc1 Bh7 28. Rce1 Rd7 29. b4 Rf8 30. a5 f6 31. R5e2 e5 32. axb6+ axb6 33. dxe5
fxe5 34. f5 b5 35. Be6 Rd3 36. Ra1 Rb8 37. Ra7+ Rb7 38. Ra8 Rb8 39. Rea2 e4
40. R2a7+ Rb7 41. Rxb7+ Kxb7 42. Rh8 {#r} 1-0

[Event "Gibraltar Masters 2017"]
[Site "masterchessopen.com Caleta ENG"]
[Date "2017.01.30"]
[Round "7.97"]
[White "Vilarnovo Caamano,J"]
[Black "Mueller Dehn,C"]
[Result "0-1"]
[WhiteElo "2009"]
[BlackElo "2170"]

1. e4 c6 2. Nc3 d5 3. Nf3 Bg4 4. h3 Bxf3 5. Qxf3 Nf6 6. e5 Nfd7 7. d4 e6 8.
Be3 c5 9. Qg3 cxd4 10. Bxd4 Nc6 11. O-O-O Nxd4 12. Rxd4 a6 13. h4 Rc8 14. Bd3
Qc7 15. Re1 Qb6 16. Rg4 g6 17. h5 Bb4 18. hxg6 hxg6 19. a3 Bxc3 20. bxc3 Qc5
21. c4 Qxa3+ 22. Kd2 dxc4 23. Bxg6 {#R} 0-1

[Event "Gibraltar Masters 2017"]
[Site "masterchessopen.com Caleta ENG"]
[Date "2017.02.02"]
[Round "10.23"]
[White "Ganguly,S"]
[Black "Salomon,J"]
[Result "1-0"]
[WhiteElo "2657"]
[BlackElo "2470"]

1. e4 c6 2. d4 d5 3. e5 Bf5 4. Nf3 e6 5. Be2 Ne7 6. O-O h6 7. Nbd2 Nd7 8. Nb3
Qc7 9. a4 g5 10. Bd2 a5 11. Re1 Ng6 12. h3 Be7 13. Bd3 Bxd3 14. cxd3 Qb6 15.
g3 Bb4 16. Bc3 Ne7 17. Qd2 Nf5 18. Rec1 Rg8 19. g4 Ne7 20. Ne1 Ng6 21. Ng2 Rh8
22. Bxb4 Qxb4 23. Qxb4 axb4 24. Kh2 h5 25. Kg3 Ke7 26. a5 Rh6 27. gxh5 Rxh5
28. Ra4 Rah8 29. Rh1 c5 30. Nxc5 Nxc5 31. dxc5 Nxe5 32. Rxb4 f5 33. Ne1 Kf6
34. Rxb7 f4+ 35. Kg2 g4 36. h4 Rxh4 37. Rxh4 Rxh4 38. Kg1 f3 39. Rb4 Rh7 40.
a6 Ra7 41. Ra4 Kg5 42. b4 g3 43. b5 Rh7 44. fxg3 Rh1+ 45. Kxh1 f2 46. Nf3+
Nxf3 47. Kg2 {#r} 1-0

[Event "13th Moscow Open B w 2017"]
[Site "masterchessopen.com Moscow RUS"]
[Date "2017.01.31"]
[Round "4.5"]
[White "Kovanova,B"]
[Black "Belenkaya,D"]
[Result "1-0"]
[WhiteElo "2376"]
[BlackElo "2319"]

1. e4 c6 2. d4 d5 3. e5 c5 4. dxc5 Nc6 5. Nf3 Bg4 6. c3 e6 7. Be3 Nge7 8. Nbd2
g6 9. h3 Bxf3 10. Nxf3 Bg7 11. Bb5 O-O 12. Bxc6 Nxc6 13. Bd4 Qb8 14. Qe2 Nxd4
15. cxd4 b6 16. cxb6 Qxb6 17. O-O Bh6 18. Rfd1 Rfc8 19. b3 Rc6 20. Ne1 Rac8
21. Qg4 Qa5 22. Nd3 Qa3 23. Nc5 R8c7 24. Qe2 a5 {#r} 1-0

[Event "13th Moscow Open B w 2017"]
[Site "masterchessopen.com Moscow RUS"]
[Date "2017.02.04"]
[Round "8.5"]
[White "Dordzhieva,D"]
[Black "Shuvalova,Polina"]
[Result "0-1"]
[WhiteElo "2306"]
[BlackElo "2387"]

1. e4 c6 2. d4 d5 3. e5 c5 4. dxc5 Nc6 5. Nf3 Bg4 6. Nbd2 e6 7. h3 Bxf3 8.
Nxf3 Bxc5 9. Bd3 Nge7 10. O-O Ng6 11. Qe2 Qc7 12. Re1 O-O 13. c3 a6 14. h4
Rfe8 15. h5 Nf8 16. Bf4 f6 17. h6 f5 18. hxg7 Qxg7 19. Qd2 Kh8 20. Bh6 Qf7 21.
Qf4 Ng6 22. Qh2 Rg8 23. Bg5 Be7 24. Be3 Nf8 25. Rad1 Rg4 26. Qh6 Nd7 27. Ng5
Bxg5 28. Bxg5 Rg8 29. f4 Ncxe5 30. Be2 Rg6 31. Qh3 R4xg5 32. fxg5 Rxg5 33. Rd4
Qg7 34. Rh4 Nc5 35. Rh6 Nf7 36. Rh4 Ne4 37. Qf3 Ne5 38. Qf1 Rg3 39. Rd1 Qg5
40. Rf4 Re3 41. Rxd5 Ng3 {#R} 0-1

[Event "Portugal Open 2017"]
[Site "masterchessopen.com Lisbon POR"]
[Date "2017.02.04"]
[Round "2.13"]
[White "Dastan,B"]
[Black "Dias,I"]
[Result "1-0"]
[WhiteElo "2497"]
[BlackElo "2154"]

1. e4 c6 2. d4 d5 3. e5 c5 4. dxc5 Nc6 5. Bb5 e6 6. Be3 Nge7 7. c3 Bd7 8. Bxc6
Nxc6 9. f4 g5 10. fxg5 Nxe5 11. Nf3 Nc4 12. Bd4 Rg8 13. b3 Na5 14. Qd3 Rg6 15.
Ne5 Rxg5 16. O-O Rf5 17. Nd2 Rxf1+ 18. Rxf1 f5 19. Qe2 Qe7 20. Qh5+ Kd8 21.
Nf7+ Kc7 22. Be5+ Kc8 23. Nd6+ Kd8 24. b4 {#r} 1-0

[Event "25th Fajr Open 2017"]
[Site "masterchessopen.com Sareyn IRI"]
[Date "2017.01.31"]
[Round "6.8"]
[White "Hosseinzadeh,N"]
[Black "Simonian,H"]
[Result "0-1"]
[WhiteElo "2288"]
[BlackElo "2445"]

1. e4 c6 2. d4 d5 3. e5 Bf5 4. Nf3 e6 5. Be2 Bg6 6. O-O Ne7 7. Nbd2 Nd7 8. Nb3
Nf5 9. Bd2 Be7 10. g4 Nh4 11. Nxh4 Bxh4 12. f4 Be4 13. Bf3 Bxf3 14. Qxf3 Be7
15. f5 O-O 16. Qh3 c5 17. c3 c4 18. Nc1 Qb6 19. Qe3 f6 20. exf6 Nxf6 21. Qxe6+
Qxe6 22. fxe6 Ne4 23. Be3 Rxf1+ 24. Kxf1 Bd6 25. Kg2 Re8 26. Ne2 Rxe6 27. Nf4
Bxf4 28. Bxf4 Rb6 29. Bc1 Rg6 30. h3 h5 31. g5 Ra6 32. a4 Ra5 33. Ra3 Kf7 34.
Bf4 b5 35. b3 cxb3 36. Rxb3 bxa4 37. Ra3 Kg6 38. h4 Kf5 39. Kf3 Ra6 40. g6 Rc6
41. Rxa4 Rxc3+ 42. Be3 Nd2+ 43. Ke2 Nc4 44. Bg5 a5 45. Ra1 Kxg6 46. Ra2 Kf5
47. Bd2 Rh3 {#R} 0-1

[Event "ch-MDA 2017"]
[Site "masterchessopen.com Chisinau MDA"]
[Date "2017.02.02"]
[Round "6.4"]
[White "Baltag,I"]
[Black "Vedmediuc,S"]
[Result "0-1"]
[WhiteElo "2387"]
[BlackElo "2461"]

1. e4 c6 2. d4 d5 3. e5 Bf5 4. Nd2 e6 5. Nb3 Nd7 6. Nf3 Ne7 7. Be2 h6 8. O-O
Qc7 9. Bd2 a5 10. a4 g5 11. Ne1 c5 12. c3 Bg7 13. Be3 Bg6 14. Bb5 O-O 15. f4
c4 16. Nc1 Nf5 17. Bd2 f6 18. Nf3 fxe5 19. fxe5 Bh5 20. Ne2 Rf7 21. Ng3 Nxg3
22. hxg3 Raf8 23. Qe1 Nb6 24. Nh2 Rxf1+ 25. Nxf1 Nc8 26. b3 Na7 27. bxc4 dxc4
28. Qb1 Nxb5 29. Qxb5 Be8 30. Qb1 Qf7 31. Be3 Bc6 32. Nd2 Qh5 33. Qd1 Qxd1+
34. Rxd1 Bxa4 35. Ra1 b5 36. Ne4 Bc2 37. Nc5 b4 38. Rxa5 b3 39. Bc1 Rf7 40.
Ra8+ Kh7 41. Nxe6 Bd3 42. Kh2 Be4 43. Ra6 Rf1 44. Ba3 Ra1 45. Ra7 Rxa3 46.
Rxg7+ Kh8 47. Rf7 Ra8 48. Nc7 b2 {#R} 0-1

[Event "Turkish Cup 2017"]
[Site "masterchessopen.com Antalya TUR"]
[Date "2017.01.31"]
[Round "5.10"]
[White "Seyhanoglu,D"]
[Black "Kilic,Efe Mert"]
[Result "0-1"]
[WhiteElo "2057"]
[BlackElo "2202"]

1. e4 c6 2. d4 g6 3. g3 d5 4. e5 h5 5. h3 Bh6 6. Bg2 e6 7. Nf3 b6 8. O-O Ba6
9. Re1 c5 10. a4 Nc6 11. Na3 Bxc1 12. Rxc1 c4 13. Qd2 Nge7 14. Qf4 Nf5 15. Nb5
Bxb5 16. axb5 Na5 17. Ng5 Qe7 18. b4 cxb3 19. cxb3 Nxb3 20. Bxd5 Nxc1 21. Bc6+
Kf8 22. Qxc1 Rc8 23. d5 exd5 24. e6 f6 25. Nf7 Rh7 26. Kf1 Rc7 27. Qf4 d4 28.
g4 hxg4 29. Qxg4 Kg7 30. Kg2 Rh4 31. Qe2 Qa3 32. f3 Re7 33. Kh2 Qe3 34. Qxe3
dxe3 35. Bd7 Rd4 36. Nd8 Rdxd7 37. exd7 Rxd7 38. Nc6 Rd2+ 39. Kg1 Ra2 40. Rd1
Nh4 41. Rd7+ Kh6 42. Re7 Nxf3+ {#R} 0-1

[Event "Turkish Cup 2017"]
[Site "masterchessopen.com Antalya TUR"]
[Date "2017.02.03"]
[Round "10.9"]
[White "Yasin,H"]
[Black "Karaokcu,Erkin"]
[Result "0-1"]
[WhiteElo "2087"]
[BlackElo "2161"]

1. e4 c6 2. d4 d5 3. e5 c5 4. c3 Nc6 5. Bb5 Qb6 6. Ba4 cxd4 7. cxd4 Bf5 8. Nc3
e6 9. Nge2 Nh6 10. f3 f6 11. Bxh6 gxh6 12. exf6 Qxb2 13. Rc1 Bb4 14. O-O O-O
15. Rf2 Qa3 16. g4 Bg6 17. f4 Rxf6 18. f5 Raf8 19. Rf3 exf5 20. Bb3 Kh8 21.
Nxd5 Rd6 22. Ng3 f4 23. Ba4 Rxd5 24. Rxa3 Bxa3 25. Bxc6 bxc6 26. Rc3 Bb2 27.
Rf3 Bxd4+ 28. Kg2 Rfd8 29. Nf5 Bxf5 30. gxf5 Rxf5 31. Rd3 c5 32. Kf3 Rh5 33.
Qe2 Rg8 34. Qe6 Rhg5 35. Rb3 Rg1 36. Rb7 Rf1+ 37. Ke2 Rf2+ 38. Kd3 Rxh2 39.
Qf5 Bg7 40. Rxa7 Rg2 41. Qxf4 Rd8+ 42. Ke3 Bd4+ {#R} 0-1

[Event "PRO League Central 2017"]
[Site "masterchessopen.com chess.com INT"]
[Date "2017.02.01"]
[Round "4"]
[White "Pruijssers,R"]
[Black "Astaneh Lopez,A"]
[Result "1-0"]
[WhiteElo "2502"]
[BlackElo "2417"]

1. e4 c6 2. d4 d5 3. e5 c5 4. Nf3 Bg4 5. dxc5 Nc6 6. Bb5 e6 7. b4 a5 8. c3
Nge7 9. h3 Bxf3 10. Qxf3 Qc7 11. Qe2 O-O-O 12. a3 Qxe5 13. Qxe5 Nxe5 14. Nd2
g6 15. Nb3 Bg7 16. Bg5 f6 17. Bd2 N5c6 18. O-O axb4 19. axb4 e5 20. Be2 d4 21.
b5 dxc3 22. Bxc3 Nd5 23. bxc6 Nxc3 24. Bc4 Bh6 25. Ra7 bxc6 26. Na5 Rhe8 27.
Ba6+ {#r} 1-0

[Event "PRO League Pacific 2017"]
[Site "masterchessopen.com chess.com INT"]
[Date "2017.02.01"]
[Round "4"]
[White "So,W"]
[Black "Haessler,C"]
[Result "1-0"]
[WhiteElo "2808"]
[BlackElo "2139"]

1. e4 c6 2. d4 d5 3. e5 Bf5 4. Nd2 e6 5. Nb3 f6 6. Nf3 Nd7 7. Bd3 Bxd3 8. Qxd3
f5 9. O-O Be7 10. c4 dxc4 11. Qxc4 Nf8 12. Qc2 Qd5 13. Rd1 O-O-O 14. Bd2 h6
15. Rac1 Kb8 16. Ba5 Rd7 17. Nc5 Bxc5 18. dxc5 Qe4 19. Qxe4 fxe4 20. Nd2 Ne7
21. Nxe4 Rxd1+ 22. Rxd1 Nd5 23. g3 Nd7 24. f4 g5 25. fxg5 hxg5 26. Nxg5 Nxc5
27. h4 Rg8 28. Bc3 Kc8 29. Bd4 Nd7 30. Kg2 c5 31. Bf2 Rg6 32. Nxe6 Rxe6 33.
Rxd5 b6 34. g4 Nxe5 35. g5 Ng6 36. Rd2 c4 37. Bg3 b5 38. h5 Ne7 39. Kf3 b4 40.
Rd6 Rxd6 41. Bxd6 a5 42. Bxe7 {#r} 1-0

[Event "37th TCh-IND 2017"]
[Site "masterchessopen.com Bhopal IND"]
[Date "2017.02.03"]
[Round "3.2"]
[White "Harikrishnan,A"]
[Black "Thejkumar,M"]
[Result "0-1"]
[WhiteElo "2291"]
[BlackElo "2461"]

1. e4 c6 2. d4 d5 3. e5 Bf5 4. Nf3 e6 5. Be2 Nd7 6. O-O h6 7. Nbd2 Ne7 8. Nb3
Bg6 9. c4 dxc4 10. Bxc4 Nb6 11. Bd3 Bxd3 12. Qxd3 Nf5 13. Nfd2 Qd5 14. Ne4 Rd8
15. Be3 Qxe5 16. dxe5 Rxd3 17. Bc5 Nd7 18. Bxf8 Rxf8 19. f4 Re3 20. Rfe1 Kd8
21. g4 Rxe1+ 22. Rxe1 Ne7 23. Nd6 Kc7 24. Nd4 a6 25. f5 Nxe5 26. Nxb7 Nd3 27.
Re3 Kxb7 28. Rxd3 exf5 29. Nxf5 Nxf5 30. gxf5 Kc7 31. Ra3 Rb8 32. Rxa6 Rxb2
33. Ra7+ Rb7 34. Ra3 Kd6 35. Rg3 f6 36. a4 Ke5 37. Rc3 Rc7 38. Rc5+ Kd4 39.
Rc1 c5 40. Kf2 c4 41. Ke2 c3 42. Rg1 Kc4 43. a5 Kb3 44. a6 c2 45. Kd2 Kb2 {#R}
0-1

[Event "Gibraltar Masters 2017"]
[Site "masterchessopen.com Caleta ENG"]
[Date "2017.02.02"]
[Round "10.16"]
[White "Libiszewski,F"]
[Black "Iturrizaga,E"]
[Result "0-1"]
[WhiteElo "2545"]
[BlackElo "2652"]

1. e4 c6 2. d4 d5 3. exd5 cxd5 4. Bf4 Nc6 5. c3 g6 6. Nd2 Bg7 7. Ngf3 Nh6 8.
h4 f6 9. c4 Be6 10. c5 Bg4 11. Qa4 O-O 12. Bb5 Qd7 13. Bxc6 bxc6 14. O-O-O Nf7
15. Rde1 Rfe8 16. Nb3 e5 17. Be3 Rab8 18. Nfd2 Bf5 19. Nb1 exd4 20. Qxd4 Re4
21. Qd2 Rc4+ 22. Nc3 Ne5 23. Kd1 Nd3 {#R} 0-1

[Event "ITT Rosario 1 2017"]
[Site "masterchessopen.com Rosario ARG"]
[Date "2017.02.02"]
[Round "8.2"]
[White "Contin,D"]
[Black "Munoz,Francisco Javier"]
[Result "1-0"]
[WhiteElo "2231"]
[BlackElo "2279"]

1. c4 c6 2. e4 d5 3. exd5 cxd5 4. d4 Nf6 5. Nc3 Nc6 6. Bg5 dxc4 7. Bxc4 h6 8.
Be3 e6 9. Nf3 Be7 10. O-O O-O 11. a3 b6 12. Qd3 Bb7 13. Rad1 Rc8 14. Ba2 Qc7
15. Rfe1 Rfd8 16. Qd2 Nxd4 17. Nxd4 e5 18. Ncb5 Qd6 19. Bxh6 Ne4 20. Qe2 exd4
21. Nxd4 gxh6 22. Bxf7+ Kh8 23. Ne6 Qc6 24. Qh5 Bg5 25. Rxd8+ Rxd8 26. Qg6
{#r} 1-0

[Event "Gibraltar Masters 2017"]
[Site "masterchessopen.com Caleta ENG"]
[Date "2017.02.01"]
[Round "9.51"]
[White "Zhukova,N"]
[Black "Bujnoch,R"]
[Result "1-0"]
[WhiteElo "2447"]
[BlackElo "2233"]

1. c4 c6 2. e4 d5 3. exd5 cxd5 4. d4 Nf6 5. Nc3 e6 6. Nf3 Bb4 7. Bd3 O-O 8.
O-O Nbd7 9. cxd5 exd5 10. Qb3 Bxc3 11. bxc3 Nb6 12. a4 Qc7 13. Ne5 Be6 14. f4
Rac8 15. f5 Bd7 16. Bg5 Qxc3 17. Qxc3 Rxc3 18. a5 Nc8 19. Bxf6 gxf6 20. Nxd7
Rxd3 21. Nxf8 Kxf8 22. Rfc1 Nd6 23. Rc7 Rxd4 24. Rd7 Nb5 25. Rxb7 Rb4 26. a6
d4 27. Ra5 Rb1+ 28. Kf2 Rb2+ 29. Kf3 Rb3+ 30. Kf4 {#r} 1-0